Las civilizaciones actuales (Registro nro. 3176)

Detalles MARC
000 -LEADER
fixed length control field 02026 a2200229 4500
001 - CONTROL NUMBER
control field 40079
005 - DATE AND TIME OF LATEST TRANSACTION
control field 20260407155656.0
008 - FIXED-LENGTH DATA ELEMENTS--GENERAL INFORMATION
fixed length control field 260407a1966 arg spa d
003 - CONTROL NUMBER IDENTIFIER
control field AR-UNSa-BCEJYS
040 ## - CATALOGING SOURCE
Original cataloging agency AR-UNSa-BCEJYS
Language of cataloging spa
Transcribing agency AR-UNSa-BCEJYS
080 ## - UNIVERSAL DECIMAL CLASSIFICATION NUMBER
Universal Decimal Classification number 94
Common auxiliary subdivision Historia General
041 ## - LANGUAGE CODE
Language code of text/sound track or separate title spa
100 1# - MAIN ENTRY--PERSONAL NAME
Personal name Braudel, Fernand
245 10 - TITLE STATEMENT
Title Las civilizaciones actuales
Name of part/section of a work estudio de historia económica y social
264 #1 - PRODUCTION, PUBLICATION, DISTRIBUTION, MANUFACTURE, AND COPYRIGHT NOTICE
Place of production, publication, distribution, manufacture Madrid :
Name of producer, publisher, distributor, manufacturer Tecnos
Date of production, publication, distribution, manufacture, or copyright notice 1966
300 ## - PHYSICAL DESCRIPTION
Extent 497 p.
Dimensions 23 cm.
505 ## - FORMATTED CONTENTS NOTE
Formatted contents note Parte I: Antaño, ayer y hoy: Las grandes civilizaciones del mundo actual:1. Gramática de las civilizaciones: Las variaciones de vocabularios - 2. Las civilización se define en relación con las diferentes ciencias del hombre - 3. Las civilizaciones son continuidades - Parte II: El islam y el mundo musulman : 4. Lo que enseña la historia - 5. Lo que enseña la geografía - 6. Esplandor y retorceso del Islam (s.VIII- XVIII) - 7. El renacimiento actual del Islam - Parte III: 8. El continente negro y su pasado - 9. Africa Negra: su presente y su futuro - Parte IV: Extremo Oriente : 10. Introducción al extremo oriente - 11. La china clásica - 12. China de ayer y hoy - 13. La India de ayer y de hoy - 14. Un extremo oriente marítimo: Indochina, Indonesia, Filipinas, Corea, Japón - 15. El Japón - Parte V: Las civilizaciones europeas: 16. Espacio y libertades - 17. Cristianismo, humanismo y pensamiento científico - 18. La industrialización de Europa - 19. La unidades de Europa - Parte VI: El otro nuevo mundo : 20. América Latina - Parte VII: América por excelencia: Estados Unidos: 21. Un pasado reconfortante : El balance de las oportunidades - 22. Las sombras y las dificultades de ayer a hoy - 23. A través del universo inglés - Parte VI: La otra europa : Mascovia, Rusia, URSS : 24. Desde su origenes a la revolución de octubre en 1917 - 25. La URSS desde 1917 hasta hoy -
590 ## - LOCAL NOTE (RLIN)
Local note niveau_biblio:m niveau_hierar:0
700 1# - ADDED ENTRY--PERSONAL NAME
Personal name Gomez Mendoza, J.
700 1# - ADDED ENTRY--PERSONAL NAME
Personal name Anes, Gonzalo
942 ## - ADDED ENTRY ELEMENTS (KOHA)
Koha item type
Existencias
Withdrawn status Lost status Damaged status Not for loan Home library Current library Shelving location Date acquired Total checkouts Full call number Barcode Date last seen Price effective from Koha item type
        Biblioteca Prof. Eusebio Cleto del Rey Biblioteca Prof. Eusebio Cleto del Rey   07/04/2026   94 B825 L24650 07/04/2026 07/04/2026 Libro
        Biblioteca Prof. Eusebio Cleto del Rey Biblioteca Prof. Eusebio Cleto del Rey   07/04/2026   94 B825 L24649 07/04/2026 07/04/2026 Libro